Click the Country - Castle - Statistics

General Stats
  • This quiz has been taken 154 times
  • The average score is 11 of 20
Answer Stats
Hint Answer % Correct
Château de Chambord France
90%
Neuschwanstein Castle Germany
90%
Blarney Castle Ireland
76%
Ivangorod Fortress Russia
73%
Alhambra Spain
72%
Frederiksborg Castle Denmark
67%
Fort Sumter USA
65%
Chapultepec Castle Mexico
64%
Caernarfon Castle UK
64%
Castel del Monte Italy
54%
Bran Castle Romania
54%
Bodrum Castle Turkey
51%
Ksar d'Aït-ben-Haddou Morocco
46%
Malbork Castle Poland
46%
Bojnice Castle Slovakia
46%
Vianden Castle Luxembourg
40%
Red Fort India
37%
Nakhal Fort Oman
30%
Fasil Ghebbi Ethiopia
22%
Qaitbay Fort Egypt
19%
No matching quizzes found
Score Distribution
Percent of People with Each Score
Percentile by Number Answered
Your Score History
You have not taken this quiz